000
00314nam a2200133Ia 4500
005
20251222152005.0
008
251222s9999||||xx |||||||||||||| ||spa||
082
_a
630/M93/V.XXII
100
_a
Mujica, Fernando
245
0
_a
AGROSUR
250
_a
1ra.ed.
264
_b
Universidad Austral de Chile
942
_c
LIB
999
_c
24690
_d
24690